Состояние теории, практики и подготовки кадров в сфере лингвистического обеспечения информационно-библиотечной технологии: стимулы и препятствия; Научные и технические библиотеки; № 2

Dades bibliogràfiques
Parent link:Научные и технические библиотеки: ежемесячный сборник по вопросам теории и практики библиотечного дела/ Государственная публичная научно-техническая библиотека России.— , 1994-.— 0130-9765
№ 2.— 2004.— С. 10-18
Autor principal: Гендина Н. И. Наталья Ивановна
Autor corporatiu: Кемеровская государственная академия культуры и искусств
Idioma:rus
Publicat: 2004
Col·lecció:Десятая юбилейная Международная конференция "Крым-2003" - "Библиотеки и ассоциации в меняющемся мире: новые технологии и новые формы сотрудничества"
Matèries:
Format: Capítol de llibre
KOHA link:https://koha.lib.tpu.ru/cgi-bin/koha/opac-detail.pl?biblionumber=395961

MARC

LEADER 00000naa2a2200000 4500
001 395961
005 20231102013624.0
035 |a (RuTPU)RU\TPU\prd\33639 
090 |a 395961 
100 |a 20050311a2004 k y0rusy50 ca 
101 0 |a rus 
102 |a RU 
200 1 |a Состояние теории, практики и подготовки кадров в сфере лингвистического обеспечения информационно-библиотечной технологии: стимулы и препятствия  |f Н. И. Гендина  |g Кемеровская государственная академия культуры и искусств 
225 1 |a Десятая юбилейная Международная конференция "Крым-2003" - "Библиотеки и ассоциации в меняющемся мире: новые технологии и новые формы сотрудничества"  |h Секция 7  |i Информационно-лингвистическое обеспечение библиотечно-информационных систем 
461 0 |0 (RuTPU)RU\TPU\prd\1594  |x 0130-9765  |t Научные и технические библиотеки  |o ежемесячный сборник по вопросам теории и практики библиотечного дела  |f Государственная публичная научно-техническая библиотека России  |d 1994- 
463 0 |0 (RuTPU)RU\TPU\prd\24948  |t № 2  |v С. 10-18  |d 2004 
610 1 |a лингвистическое обеспечение 
610 1 |a библиотечные технологии 
610 1 |a подготовка кадров 
700 1 |a Гендина  |b Н. И.  |g Наталья Ивановна 
712 0 2 |a Кемеровская государственная академия культуры и искусств  |2 stltpush  |3 (RuTPU)RU\TPU\col\2803  |9 23739 
801 1 |a RU  |b 63413507  |c 20050311  |g PSBO 
801 2 |a RU  |b 63413507  |c 20050325  |g PSBO 
942 |c BK